00638nam a2200169 a 450000100100000000500170001000800410002704000250006810000250009324500960011826000580021430000210027250000210029370000320031495201050034699900170045100003649620200930075750.0120118s19uu ag 000 0 spa d aDO-SdBNPbspacBNPHU1 aReno, Cora A.96273810aEs un hecho la evolución? /cCora A. Reno ; versión castellana por Ana María Swenson. aArgentina :bCasa Bautista de Publicaciones,c[199?]. a128 p. ;c19 cm. aIncluye índice12aSwenson, Ana María943676 001050718MOaGRbGRcCTd2012-01-18iLF1l0o p36497-10r2020-06-25w2020-06-25y1ZNo se presta c35987d35987